Countries within 500km of Serbia - Statistics

General Stats
  • This quiz has been taken 36 times
  • The average score is 20 of 20
Answers on the Map
Answers color-coded by a green-red scale on the quiz's map according to % correct below.
 
Answer Stats
Answer % Correct
Albania
100%
Austria
100%
Bosnia andHerzegovina
100%
Bulgaria
100%
Croatia
100%
Czech Republic
100%
Greece
100%
Kosovo
100%
Moldova
100%
North Macedonia
100%
Romania
100%
Slovakia
100%
Slovenia
100%
Ukraine
100%
Germany
97%
Hungary
97%
Italy
97%
Montenegro
97%
Poland
97%
Turkiye
91%
No matching quizzes found
Score Distribution
Percent of People with Each Score
Percentile by Number Answered
Your Score History
You have not taken this quiz